000 00525cam a22001457a 4500
008 180718b2002 xxu||||| |||| 00| 0 eng d
082 _aA2x54 Si64/2002
100 _aSingh, Sher
245 _aIndian books in print 2002:(a bibliography of Indian books published in English language)
_cedited by Sher Singh and Bhawna Singh
260 _aDelhi
_bIndian Bibliographies Bureau
_c2002
300 _a3v.
500 _aContents; v.1., 1359p.; v.2., 1054p.; v.3., 951p.
650 _aIndia - Bibliography
700 _aSingh, Bhawna
999 _c399780
_d399780